000
00269nam a2200133Ia 4500
100
_a
Zaks/R
942
_c
BK
654
_a
Handbook
245
_a
The CP/M Handbook With MP/M
260
_b
Sybex
_a
Berkeley
_c
1980
082
_a
1.6
300
_a
320
546
_a
ENGLISH
999
_c
20838
_d
20838